Top 100 Baby Girl Names of Australia 2024 - Alphabetical - Statistics

General Stats
  • This quiz has been taken 105 times
  • The average score is 59 of 100
Answer Stats
Rank Initial NAME % Correct
61 E Emma
94%
4 O Olivia
92%
3 C Charlotte
90%
53 E Emily
90%
16 I Isabella
90%
2 A Amelia
88%
80 E Elizabeth
88%
6 A Ava
87%
12 E Ella
87%
79 E Eva
83%
11 G Grace
83%
9 L Lily
83%
55 H Hannah
81%
27 Z Zoe
81%
28 E Ellie
79%
14 E Evelyn
79%
5 M Mia
79%
15 W Willow
79%
58 A Abigail
77%
76 B Bella
77%
1 I Isla
77%
13 I Ivy
77%
24 V Violet
77%
50 I Isabelle
75%
49 Z Zara
75%
26 A Aria
73%
29 L Lucy
73%
39 P Penelope
73%
89 Q Quinn
73%
31 S Sofia
73%
18 S Sophia
73%
57 A Alice
71%
23 D Daisy
71%
41 L Luna
71%
85 R Rose
71%
19 C Chloe
69%
59 O Olive
69%
17 S Sophie
69%
69 N Nora
67%
46 P Poppy
67%
25 E Evie
65%
37 F Freya
65%
8 H Harper
65%
21 S Sienna
65%
22 R Ruby
63%
38 G Georgia
62%
70 P Phoebe
62%
84 A Aaliyah
60%
45 E Eleanor
60%
33 L Layla
60%
20 M Mila
60%
67 S Stella
60%
56 M Maya
58%
94 A Ariana
56%
75 E Eden
56%
82 E Elena
56%
36 E Elsie
56%
30 F Florence
56%
32 M Millie
56%
86 R Rosie
56%
81 A Addison
54%
34 A Audrey
54%
44 A Aurora
52%
65 L Lola
52%
10 H Hazel
50%
78 I Imogen
50%
71 M Maisie
50%
48 S Scarlett
50%
88 E Eliana
48%
97 R Riley
48%
54 E Emilia
46%
63 H Harriet
46%
60 B Bonnie
44%
74 H Hallie
44%
100 L Lara
44%
47 S Sadie
44%
73 S Savannah
44%
64 D Delilah
42%
62 S Summer
42%
66 E Eloise
40%
51 F Frankie
40%
7 M Matilda
40%
77 A Adeline
38%
52 M Mackenzie
38%
42 A Ayla
37%
95 T Thea
37%
96 H Heidi
35%
90 P Piper
35%
83 H Harlow
33%
43 M Maeve
31%
72 P Pippa
31%
92 M Maggie
29%
98 P Peyton
29%
68 M Margot
25%
35 B Billie
23%
40 R Remi
23%
99 A Athena
19%
87 L Lottie
19%
91 C Cleo
15%
93 K Kaia
13%
No matching quizzes found
Score Distribution
Percent of People with Each Score
Percentile by Number Answered
Your Score History
You have not taken this quiz